Normal view
MARC view
Entry Personal Name
001 - CONTROL NUMBER
- control field: 5076
003 - CONTROL NUMBER IDENTIFIER
- control field: AM-YEHGA
005 - DATE AND TIME OF LATEST TRANSACTION
- control field: 20250617070456.0
008 - FIXED-LENGTH DATA ELEMENTS
- fixed length control field: 140505|| aca||aabn | a|a d
040 ## - CATALOGING SOURCE
- Original cataloging agency: AM-YEHGA
100 ## - HEADING--PERSONAL NAME
- Personal name: Գորբունով, Ն.
670 ## - SOURCE DATA FOUND
- Source citation: Work cat.: (AM-YeNLA)5511: Գորբունով, Ն., Ինչպես եր աշխատում Վլադիմիր Իլյիչը /, 1924.
ՀՀ Գիտությունների ազգային ակադեմիայի հիմնարար գիտական գրադարան = Fundamental Scientific Library of NAS RA
All site content, except where otherwise noted, is licensed under a